|
|
|
|
| LEADER |
00927nam a2200241 a 4500 |
| 001 |
000485331 |
| 003 |
CZ BrMZK |
| 005 |
20020128131007.0 |
| 008 |
000307s1987 xr cze d |
| 020 |
|
|
|q (Brož.)
|
| 040 |
|
|
|a BOA001
|c ze
|d BOA002
|
| 080 |
|
|
|a 372.874.4(078):376
|2 MRF
|
| 100 |
1 |
|
|a Holoubek, Zdeněk
|7 jx20040603003
|4 aut
|4 ill
|
| 245 |
1 |
0 |
|a Základy technického kreslení pro šestý ročník zvláštní školy :
|b Pracovní listy /
|c Narýsoval Zdeněk Holoubek
|
| 250 |
|
|
|a 2. vyd.
|
| 260 |
|
|
|a Praha :
|b SPN,
|c 1987
|f (SG 01)
|
| 300 |
|
|
|a 26 s., příl. :
|b obr. ;
|c 29 cm
|
| 490 |
1 |
|
|a Učebnice pro základní školy
|
| 830 |
|
0 |
|a Učebnice pro základní školy
|
| 910 |
|
|
|a BOA001
|b PK-N-0026.167
|
| 964 |
|
|
|a Kreslení technické - listy pracovní - učebnice škol zvláštních (roč. 6.)
|
| 990 |
|
|
|a BK
|
| 996 |
7 |
|
|b 3119836457
|c PK-N-0026.167
|l MZK
|r Sklad / do 1 hodiny
|n 0
|w 000485331
|u 000010
|a 1
|e BOA001
|j MZK50
|s A
|